000 01635nam a2200397 i 4500
003 EG-GICUC
005 20260121101734.0
008 260118s2004 ua ||||fr|||| 00| 0 ara d
040 _a EG-GICUC
_bara
_c EG-GICUC
_d EG-GICUC
_erda
041 0 _aara
082 0 4 _221
_a345.23
_b م ص . ا
092 0 4 _221
099 _aLaw1 07 345.23 م ص . ا 2004
100 0 _aمصطفي عبد القادر
_eمؤلف.
245 1 2 _a اللامركزية و قضايا المحليات /
_c اللواء مصطفي عبد القادر
264 1 _aالقاهرة:
_bمركز دراسات و استشارات الإدارة العامة ،
_c2004.
300 _a62؛ صفحة
_c24 سم
336 _2rda content
_atext
337 _2rda media
_aComputer
338 _2rda carrier
_aOnline Resource
490 _aالإطار القانوني لسياسات اللامركزية في مصر
_v2
504 _aيشتمل على إرجاعات ببليوجرافية.
546 _aالنص باللغة العربية
650 1 _aالقانون الإداري
_2qrmak
650 1 _aاللامركزية الإدارية
651 1 _2qrmak
700 _aاحمد الرشيدي
_eمحرر.
700 _aابراهيم محمد ترك
_eمؤلف مشارك.
700 _aعبد الحميد كمال
_eمؤلف مشارك.
700 _aمحمد علي عوض
_eمؤلف مشارك.
700 _aفوزي خليل غزال
_eمؤلف مشارك.
700 _aمحمد هناني
_eمؤلف مشارك.
856 4 0 _uhttps://fll.law.cu.edu.eg/fulltext/bks/B07-00816.pdf
905 _a74
942 _2ddc
_n0
_cBK
_e21
999 _c57408
_d57408